000 00487nam a2200169Ia 4500
003 OSt
005 20260323103312.0
008 211028s2019 xx 000 0 und d
040 _cAIMIT LIBRARY
041 _aeng
100 _aAbhishek L R;Thomas, C G.
_g161704
_95229
110 _aRiyaz Mohammed
_95230
245 _aE-commerce website for Father Muller Homeopathic Pharmaceutical Division /
260 _aMagalore
_c2019
710 _aVibhaa Technologies
_95231
942 _2ddc
_cPRO
999 _c217836
_d217836